|
|
|
|
| LEADER |
00000nbm0a2200000 4500 |
| 001 |
160026 |
| 005 |
20231031155427.0 |
| 029 |
0 |
0 |
|a SU
|b 81033596
|f ТПУ
|
| 035 |
|
|
|a (RuTPU)RU\TPU\book\173546
|
| 090 |
|
|
|a 160026
|
| 100 |
|
|
|a 20090518d1980 k y0rusy50 ca
|
| 101 |
0 |
|
|a rus
|
| 102 |
|
|
|a RU
|
| 105 |
|
|
|a a p 001zy
|
| 200 |
1 |
|
|a Исследование и разработка системы виброзащиты кабины машиниста экскаватора
|e отчет о НИР (промежуточный)
|f Томский политехнический институт (ТПИ); рук. В. П. Нестеренко; исполн. А. В. Рудаченко
|
| 210 |
|
|
|a Томск
|d 1980
|
| 215 |
|
|
|a 55 л.
|
| 320 |
|
|
|a Библиогр.: с. 50.
|
| 464 |
|
|
|t Тема: 4-127/79
|
| 610 |
1 |
|
|a экскаваторы
|
| 610 |
1 |
|
|a кабины
|
| 610 |
1 |
|
|a разработка
|
| 610 |
1 |
|
|a виброзащитные системы
|
| 610 |
1 |
|
|a рабочее место
|
| 610 |
1 |
|
|a динамические нагрузки
|
| 610 |
1 |
|
|a математическая модель
|
| 610 |
1 |
|
|a поворотные платформы
|
| 610 |
1 |
|
|a эксперименты
|
| 610 |
1 |
|
|a отчеты о НИР
|
| 610 |
1 |
|
|a труды учёных ТПУ
|
| 675 |
|
|
|a 621.879(04)
|v 3
|
| 702 |
|
1 |
|a Нестеренко
|b В. П.
|4 673
|
| 702 |
|
1 |
|a Рудаченко
|b А. В.
|c специалист в области нефтегазового дела
|c доцент Томского политехнического университета, кандидат технических наук
|f 1949-
|g Александр Валентинович
|2 stltpush
|3 (RuTPU)RU\TPU\pers\26135
|4 677
|
| 712 |
0 |
2 |
|a Томский политехнический институт (ТПИ)
|c (1944-1991)
|2 stltpush
|3 (RuTPU)RU\TPU\col\1123
|4 595
|
| 801 |
|
1 |
|a RU
|b 63413507
|c 20090518
|g PSBO
|
| 801 |
|
2 |
|a RU
|b 63413507
|c 20140616
|g RCR
|
| 942 |
|
|
|c BK
|